000
00290nam a2200109Ia 4500
008
171211s9999 xx 000 0 und d
245
_a
Neurological Regeneration
245
_c
Phuc Van Pham
260
_c
2017
650
_x
Biology
856
_u
http://down.ebook777.com/063/9783319337197.pdf
999
_c
350376
_d
350376